Discoveries of the Census of marine life : (Record no. 2111)
[ view plain ]
| 000 -LEADER | |
|---|---|
| fixed length control field | 00558cam a2200169 a 4500 |
| 020 ## - ISBN | |
| International Standard Book Number | 9781107000131 (hardback) |
| 020 ## - ISBN | |
| International Standard Book Number | 1107000130 (hardback) |
| 020 ## - ISBN | |
| International Standard Book Number | 9780521165129 (pbk.) |
| 020 ## - ISBN | |
| International Standard Book Number | 0521165121 (pbk.) |
| 050 00 - LIBRARY OF CONGRESS CALL NUMBER | |
| Classification Number | QH91.8.B6 |
| Item Number | S64 2010 |
| 100 1# - MAIN ENTRY--Author | |
| Personal name | Snelgrove, Paul V. R., |
| Dates associated with a name | 1962- |
| 245 10 - TITLE | |
| Title | Discoveries of the Census of marine life : |
| Remainder of title | making ocean life count / |
| Statement of responsibility, etc | Paul V.R. Snelgrove. |
| 260 ## - PUBLICATION, DISTRIBUTION, ETC.(IMPRINT) | |
| Place of publication, distribution, etc | Cambridge ; |
| -- | New York : |
| Name of publisher, distributor, etc | Cambridge University Press, |
| Date of publication, distribution, etc | 2010. |
| 300 ## - PHYSICAL DESCRIPTION | |
| Extent | xvi, 270 p. : |
| 650 #0 - SUBJECT--TOPIC | |
| General subdivision | Research |
| -- | Methodology. |
| 942 ## - ADDED ENTRY ELEMENTS(KOHA) | |
| Koha item type | General circulation |
| Source of classification or shelving scheme | Not for loan | Location (home branch) | Sublocation (holding branch) | Date accessioned | Cost, normal purchase price | Full call number | Barcode | Cost, replacement price | Koha item type | Public note |
|---|---|---|---|---|---|---|---|---|---|---|
| Library of Congress Classification | Main Campus Library | Main Campus Library | 27/08/2014 | 3993.30 | QH91.8.B6 S64 2010 | 2019/022294 | 4493.00 | General circulation | leo |